| 000 | 01028nam a22003017a 4500 | ||
|---|---|---|---|
| 008 | 110309b1999 tu |||gr||||#||||0|tur | | ||
| 040 |
_aTR-BiSEU _btur _cTR-BiSEU _erda |
||
| 001 | 0028217 | ||
| 003 | KOHA_MİRAKIL | ||
| 005 | 20260207002622.0 | ||
| 007 | ta | ||
| 020 |
_a9755560378 _c4 |
||
| 041 | 0 | _atur | |
| 044 | _ctu | ||
| 050 |
_aQA805 _b.L23 1999 |
||
| 100 | 1 | _aLandau, L. D.. | |
| 245 | 1 |
_aMekanik/ _cL. D. Landau ; L. D. Landau, E. M. Lifshitz; çev. D. Mehmet Zengin, Cevat Selam, Sabit Korcak.. |
|
| 264 | 1 |
_aAnkara : _bBilim Yayıncılık _c1999 |
|
| 300 | _aix, 291 s.; 24 cm. | ||
| 336 |
_ametin _btxt _2rdacontent |
||
| 337 |
_aaracısız _bn _2rdamedia |
||
| 338 |
_acilt _bnc _2rdacarrier |
||
| 500 | _aDizin var. | ||
| 500 | _aKaynakça var. | ||
| 505 | _aHareket denklemleri. Korunum kanunları. Hareket denklemlerinin integrali. Parçacıkların çarpışması. Küçük titreşimler. Katı bir cismin hareketi. Kanonik denklemler. | ||
| 650 | 0 |
_aMekanik, Analitik. _955886 |
|
| 942 |
_2lcc _cBK |
||
| 999 |
_c28141 _d28141 |
||